| 000 | 01207nam a2200337 a 4500 | ||
|---|---|---|---|
| 001 | |||
| 003 | DO-SdBPM | ||
| 005 | 20250701122938.0 | ||
| 008 | 130826s1997 cl a 000 0 spa d | ||
| 020 | _a958677337X | ||
| 040 |
_aDO-SdBPM _bspa _cBPMSU _erda |
||
| 082 | 4 |
_a372.4 _bC268m 1997 _222 |
|
| 100 | 1 |
_aCardona Prieto, Marcela _eautora |
|
| 245 | 1 | 3 |
_aEl maletín de Santiago / _cMarcela Cardona Prieto, Nohora María Cardona ; ijustración Santiago Cardona |
| 250 | _a | ||
| 264 |
_aColombia : _bArqueotipo Grupo Editorial, _c1997 |
||
| 300 |
_a4 volumenes : _bilustracios. ; _c25 cm. |
||
| 336 |
_atexto _btxt _2rdacontent |
||
| 337 |
_asin mediación, _bn _2rdamedia |
||
| 338 |
_avolumen _bnc _2rdacarrier |
||
| 500 | _a | ||
| 505 | 0 | _av. 2 : Lectura inicial -- v.4 : Lectura comprensiva -- v. 3 : Ejercicio -- + Una guía | |
| 590 | _aInventariado, 2025/VM | ||
| 590 | _6Invetnariado, 2025/VM | ||
| 650 | 4 |
_aComprensión de lectura _xEnseñanza primaria _x |
|
| 650 | 4 |
_aLectura _xEnseñanza primaria |
|
| 700 | 1 |
_aCarbona, Nohora María ; _eilustraciones |
|
| 700 | 1 |
_aCardona, Santiago _eilustraciones |
|
| 910 | _aVMateo V. Control de calidad. BPMSU | ||
| 942 |
_2ddc _cBK |
||
| 999 |
_c15240 _d15240 |
||